[Event "EGY-chT"]
[Site "Egypt"]
[Date "2016.05.09"]
[Round "5.4"]
[White "Ibrahim, Mohamed"]
[Black "Farahat, Ali"]
[Result "1/2-1/2"]
[WhiteElo "2119"]
[BlackElo "2413"]
[PlyCount "42"]
[EventDate "2016.05.05"]
[EventType "team-tourn"]
[EventRounds "9"]
[EventCountry "EGY"]
[SourceTitle "CBM 172 Extra"]
[Source "ChessBase"]
[SourceDate "2016.06.21"]
[SourceVersion "1"]
[SourceVersionDate "2016.06.21"]
[SourceQuality "1"]
[WhiteTeam "Kanal Suez"]
[BlackTeam "Sharkia Dokhan"]
[WhiteTeamCountry "EGY"]
[BlackTeamCountry "EGY"]

1. e4 c5 2. Nf3 e6 3. d4 cxd4 4. Nxd4 Nc6 5. Nc3 Qc7 6. Be3 a6 7. Qd2 Nf6 8. f3 Be7 9. 0-0-0 0-0 10. g4 b5 11. g5 Ne8 12. h4 b4 13. Na4 Nxd4 14. Bxd4 Rb8 15. Kb1 e5 16. Be3 Nd6 17. g6 Nb5 18. gxh7+ Kxh7 19. Qg2 d6 20. Rg1 g6 21. b3 Bd7 1/2-1/2

[Event "EGY-chT"]
[Site "Egypt"]
[Date "2016.05.07"]
[Round "3.4"]
[White "Ibrahim, Mohamed"]
[Black "Anwar, Ashraf"]
[Result "1/2-1/2"]
[WhiteElo "2119"]
[BlackElo "2035"]
[PlyCount "38"]
[EventDate "2016.05.05"]
[EventType "team-tourn"]
[EventRounds "9"]
[EventCountry "EGY"]
[SourceTitle "CBM 172 Extra"]
[Source "ChessBase"]
[SourceDate "2016.06.21"]
[SourceVersion "1"]
[SourceVersionDate "2016.06.21"]
[SourceQuality "1"]
[WhiteTeam "Kanal Suez"]
[BlackTeam "Gezeret Elward"]
[WhiteTeamCountry "EGY"]
[BlackTeamCountry "EGY"]

1. e4 c6 2. d4 d5 3. Nc3 dxe4 4. Nxe4 Nf6 5. Nxf6+ exf6 6. c3 Bd6 7. Bd3 Be6 8. Qc2 Nd7 9. Ne2 Nf8 10. Bf4 Ng6 11. Bg3 Qc7 12. 0-0 Ne7 13. Bxd6 Qxd6 14. Ng3 Qd7 15. Rfe1 h5 16. Ne4 b6 17. a4 a5 18. Be2 h4 19. Rad1 Kf8 1/2-1/2

[Event "Cairo Egyptian op"]
[Site "Cairo"]
[Date "2016.04.28"]
[Round "9"]
[White "Allam, Emad Hamdy"]
[Black "Ibrahim, Mohamed"]
[Result "0-1"]
[WhiteElo "2030"]
[BlackElo "2137"]
[PlyCount "74"]
[EventDate "2016.04.22"]
[EventType "swiss"]
[EventRounds "9"]
[EventCountry "EGY"]
[SourceTitle "CBM 172 Extra"]
[Source "ChessBase"]
[SourceDate "2016.06.21"]
[SourceVersion "1"]
[SourceVersionDate "2016.06.21"]
[SourceQuality "1"]

1. c4 c6 2. Nf3 d5 3. e3 Nf6 4. Nc3 e6 5. d4 Nbd7 6. Bd3 g6 7. 0-0 Bg7 8. b3 0-0 9. Ba3 Re8 10. Bd6 b6 11. h3 Bb7 12. Rc1 Rc8 13. Bh2 a6 14. Qe2 Ra8 15. b4 a5 16. cxd5 exd5 17. a3 Ne4 18. Bxe4 dxe4 19. Nd2 Ba6 20. b5 cxb5 21. Nxb5 Nf6 22. a4 Rc8 23. Nc4 Bxb5 24. axb5 Bf8 25. Ne5 Nd5 26. Qa2 Rxc1 27. Rxc1 f6 28. Ng4 Kg7 29. Qc4 h5 30. Bc7 Nxc7 31. Qxc7+ Qxc7 32. Rxc7+ Re7 33. Rxe7+ Bxe7 34. Nh2 a4 35. Nf1 a3 36. Nd2 a2 37. Nb3 Bb4 0-1

[Event "Cairo Egyptian op"]
[Site "Cairo"]
[Date "2016.04.27"]
[Round "8"]
[White "Ibrahim, Mohamed"]
[Black "Ibrahim, Mahmoud"]
[Result "1-0"]
[WhiteElo "2137"]
[BlackElo "2000"]
[PlyCount "63"]
[EventDate "2016.04.22"]
[EventType "swiss"]
[EventRounds "9"]
[EventCountry "EGY"]
[SourceTitle "CBM 172 Extra"]
[Source "ChessBase"]
[SourceDate "2016.06.21"]
[SourceVersion "1"]
[SourceVersionDate "2016.06.21"]
[SourceQuality "1"]

1. e4 e6 2. d4 d5 3. Nc3 dxe4 4. Nxe4 Nf6 5. Nxf6+ Qxf6 6. Nf3 Bd6 7. Bg5 Qf5 8. Bd3 Qa5+ 9. Bd2 Qb6 10. c4 c5 11. b4 Qd8 12. Bg5 f6 13. bxc5 Bxc5 14. dxc5 fxg5 15. Qc2 Qa5+ 16. Nd2 Nc6 17. Bxh7 Bd7 18. Bg6+ Ke7 19. Qb2 e5 20. 0-0 Rh6 21. Be4 Nd4 22. Rfe1 Rah8 23. Nf1 Qxc5 24. Bd5 Kd6 25. Qd2 Bg4 26. Qe3 Re8 27. Ng3 Bf5 28. Qxg5 Qc8 29. Rad1 Bc2 30. Rd2 Qd8 31. Rxc2 Nxc2 32. Qxg7 1-0

[Event "Cairo Egyptian op"]
[Site "Cairo"]
[Date "2016.04.23"]
[Round "2"]
[White "Ibrahim, Mohamed"]
[Black "Ellethy, Nabil"]
[Result "1-0"]
[WhiteElo "2137"]
[BlackElo "1912"]
[PlyCount "89"]
[EventDate "2016.04.22"]
[EventType "swiss"]
[EventRounds "9"]
[EventCountry "EGY"]
[SourceTitle "CBM 172 Extra"]
[Source "ChessBase"]
[SourceDate "2016.06.21"]
[SourceVersion "1"]
[SourceVersionDate "2016.06.21"]
[SourceQuality "1"]

1. e4 e6 2. d4 d5 3. Nc3 Nf6 4. e5 Nfd7 5. f4 c5 6. Nf3 Nc6 7. Be3 Be7 8. Be2 a6 9. a3 b5 10. dxc5 Nxc5 11. b4 Nd7 12. Bd3 Nb6 13. Ne2 Bb7 14. Bxb6 Qxb6 15. Ned4 Nxd4 16. Nxd4 g6 17. c3 Rc8 18. Qd2 Bc6 19. 0-0 Bd7 20. Kh1 h5 21. Rf3 Qc7 22. Bf1 Qb6 23. Qd3 Rc4 24. Qe3 Rc8 25. Rg3 Bh4 26. Nxb5 Qxe3 27. Nd6+ Kd8 28. Rxe3 Bf2 29. Rf3 Bb6 30. Nxf7+ Ke7 31. Nxh8 Rxh8 32. Bxa6 Ra8 33. Bd3 Kf7 34. Rg3 Rc8 35. Bxg6+ Ke7 36. Bxh5 Bb5 37. Rg7+ Kf8 38. Rf7+ Kg8 39. Rb7 Rc6 40. Be8 Rxc3 41. Bxb5 Bd4 42. g3 Be3 43. a4 Rb3 44. Bf1 d4 45. Rd1 1-0

[Event "Mahalla op 16th"]
[Site "Mahalla"]
[Date "2015.07.27"]
[Round "4"]
[White "Elashry, Aly"]
[Black "Ibrahim, Mohamed"]
[Result "0-1"]
[WhiteElo "2019"]
[BlackElo "2109"]
[PlyCount "88"]
[EventDate "2015.07.24"]
[EventType "swiss"]
[EventRounds "9"]
[EventCountry "EGY"]
[SourceTitle "EXT 2016"]
[Source "ChessBase"]
[SourceDate "2015.10.08"]
[SourceVersion "1"]
[SourceVersionDate "2015.10.08"]
[SourceQuality "1"]

1. e3 Nf6 2. b3 e5 3. Bb2 Nc6 4. Bb5 Bd6 5. Ne2 Ne7 6. a4 c6 7. Bc4 Bc7 8. b4 d5 9. Bb3 0-0 10. 0-0 Ng6 11. f4 exf4 12. Nxf4 Nxf4 13. exf4 Bg4 14. Qe1 Re8 15. Qg3 Bb6+ 16. d4 Be2 17. Re1 Bc7 18. Nc3 Ne4 19. Nxe4 Rxe4 20. Qf2 Qe7 21. g3 Re8 22. c3 Bd3 23. Rxe4 Qxe4 24. Bd1 Qe1+ 25. Qxe1 Rxe1+ 26. Kf2 Rh1 27. Kg2 Be4+ 28. Kh3 Rg1 29. Be2 Rg2 30. Re1 Rf2 31. Bc1 Bg2+ 32. Kg4 g6 33. Bd3 h5+ 34. Kg5 Kg7 35. Re8 Be4 36. g4 Bxd3 37. h3 Re2 38. Rc8 Bd6 39. f5 Be7+ 40. Kf4 Re4+ 41. Kf3 Be2+ 42. Kf2 Bh4+ 43. Kg2 hxg4 44. fxg6 Bf3+ 0-1

[Event "Cairo Heliopolis op 2nd"]
[Site "Cairo"]
[Date "2010.06.02"]
[Round "4"]
[White "Ibrahim, Mohamed"]
[Black "Ragheb, Malak"]
[Result "0-1"]
[WhiteElo "2140"]
[BlackElo "2271"]
[PlyCount "62"]
[EventDate "2010.05.30"]
[EventType "swiss"]
[EventRounds "9"]
[EventCountry "EGY"]
[SourceTitle "EXT 2011"]
[Source "ChessBase"]
[SourceDate "2010.11.26"]
[SourceVersion "1"]
[SourceVersionDate "2010.11.26"]
[SourceQuality "1"]

1. d4 Nf6 2. Nf3 b6 3. Bf4 e6 4. h3 Ba6 5. Nbd2 c5 6. e3 Bxf1 7. Nxf1 Nc6 8. c3 Qc8 9. Qe2 d5 10. N1d2 Be7 11. 0-0 0-0 12. a4 Rd8 13. Ne5 a6 14. Bg5 h6 15. Bh4 Re8 16. f4 Qc7 17. Bxf6 Bxf6 18. Qh5 Nxe5 19. fxe5 Bg5 20. Qe2 f5 21. Rf3 Qc6 22. a5 Qb5 23. Qxb5 axb5 24. b4 cxd4 25. cxd4 Be7 26. Nf1 Bxb4 27. a6 Bc3 28. Rb1 b4 29. Ng3 Rxa6 30. Nh5 Ra1 31. Rxa1 Bxa1 0-1

[Event "EGY-ch Masters"]
[Site "Cairo"]
[Date "2009.11.23"]
[Round "8.1"]
[White "Ibrahim, Hatim"]
[Black "Ibrahim, Mohamed"]
[Result "1-0"]
[WhiteElo "2328"]
[BlackElo "2120"]
[PlyCount "63"]
[EventDate "2009.11.15"]
[EventType "swiss"]
[EventRounds "8"]
[EventCountry "EGY"]
[SourceTitle "EXT 2024"]
[Source "ChessBase"]
[SourceDate "2023.10.10"]
[SourceVersion "1"]
[SourceVersionDate "2023.10.10"]
[SourceQuality "1"]

1. c4 e5 2. Nc3 Nc6 3. Nf3 f5 4. d4 e4 5. Ng5 h6 6. Nh3 g5 7. e3 Nf6 8. f3 exf3 9. gxf3 Qe7 10. Qd3 Bg7 11. Bd2 d6 12. 0-0-0 Nb4 13. Qb1 c6 14. a3 Na6 15. Bd3 Be6 16. Bxf5 Bxc4 17. f4 g4 18. Nf2 h5 19. Rhg1 b5 20. Nce4 d5 21. Bg6+ Kf8 22. Ng5 b4 23. a4 Bb3 24. Qd3 Bc4 25. Qf5 c5 26. Kb1 Bb3 27. Nd3 c4 28. Ne5 Bxa4 29. Ne6+ Kg8 30. Bf7+ Qxf7 31. Nxf7 Kxf7 32. Ng5+ 1-0

[Event "Cairo Heliopolis op 1st"]
[Site "Cairo"]
[Date "2009.09.05"]
[Round "3"]
[White "Ibrahim, Mohamed"]
[Black "Labib, Hazem"]
[Result "1-0"]
[WhiteElo "2122"]
[BlackElo "1929"]
[PlyCount "43"]
[EventDate "2009.09.03"]
[EventType "swiss"]
[EventRounds "7"]
[EventCountry "EGY"]
[SourceTitle "CBM 132 Extra"]
[Source "ChessBase"]
[SourceDate "2009.11.03"]
[SourceVersion "1"]
[SourceVersionDate "2009.11.03"]
[SourceQuality "1"]

1. d4 Nf6 2. Nf3 d5 3. Bf4 e6 4. e3 Bd6 5. Bg3 0-0 6. Bd3 c5 7. c3 b6 8. Nbd2 Ba6 9. Bxa6 Nxa6 10. Bxd6 Qxd6 11. 0-0 Nd7 12. Qe2 Nc7 13. Rfd1 Qe7 14. dxc5 Nxc5 15. e4 dxe4 16. Nxe4 Nd5 17. g3 Rfd8 18. Ne5 Rac8 19. Nxc5 Qxc5 20. Rd4 Qe7 21. Rad1 Nf6 22. Nc6 1-0

[Event "EGY-chT 0708"]
[Site "Egypt"]
[Date "2007.11.02"]
[Round "1"]
[White "Ibrahim, Mohamed"]
[Black "Salem, Ahmed"]
[Result "0-1"]
[WhiteElo "2134"]
[BlackElo "2129"]
[PlyCount "74"]
[EventDate "2007.11.02"]
[EventType "team-tourn"]
[EventRounds "3"]
[EventCountry "EGY"]
[SourceTitle "EXT 2009"]
[Source "ChessBase"]
[SourceDate "2008.11.26"]
[SourceVersion "1"]
[SourceVersionDate "2008.11.26"]
[SourceQuality "1"]
[WhiteTeam "El Helal"]
[BlackTeam "Imbaba"]
[WhiteTeamCountry "EGY"]
[BlackTeamCountry "EGY"]

1. e4 c5 2. Nf3 Nc6 3. d4 cxd4 4. Nxd4 Nf6 5. Nc3 e5 6. Ndb5 d6 7. Bg5 a6 8. Na3 b5 9. Nd5 Be7 10. Bxf6 Bxf6 11. c3 Bg5 12. Nc2 0-0 13. a4 Rb8 14. axb5 axb5 15. Bd3 g6 16. 0-0 Bd7 17. Qe2 Ne7 18. Ncb4 f5 19. exf5 gxf5 20. f4 Nxd5 21. Nxd5 Bf6 22. Ra7 e4 23. Bc2 Be6 24. Qh5 Bg7 25. Ne7+ Kh8 26. Ng6+ Kg8 27. Ne7+ Kh8 28. Kh1 Qe8 29. Qh3 Rf7 30. Ng6+ Kg8 31. Rxf7 Qxf7 32. Nh4 b4 33. Qe3 bxc3 34. bxc3 Qf6 35. g3 Qxc3 36. Qxc3 Bxc3 37. g4 e3 0-1

[Event "Golden Cleopatra op 7th"]
[Site "Cairo"]
[Date "2003.06.11"]
[Round "10"]
[White "El Ghazali, Youssef M"]
[Black "Ibrahim, Mohamed"]
[Result "1-0"]
[WhiteElo "2340"]
[BlackElo "2129"]
[PlyCount "87"]
[EventDate "2003.06.03"]
[EventType "swiss"]
[EventRounds "10"]
[EventCountry "EGY"]
[SourceTitle "CBM 094 Extra"]
[Source "ChessBase"]
[SourceDate "2003.07.09"]
[SourceVersion "2"]
[SourceVersionDate "2003.07.09"]
[SourceQuality "1"]

1. c4 e5 2. Nc3 Nf6 3. g3 Nc6 4. Bg2 Bc5 5. e3 0-0 6. Nge2 Re8 7. 0-0 Bf8 8. d4 d6 9. d5 Nb8 10. e4 Nbd7 11. a3 a5 12. h3 g6 13. Be3 Bg7 14. b4 Nh5 15. Qd2 f5 16. exf5 e4 17. Bxe4 Ne5 18. Qc2 gxf5 19. Bg2 Nxc4 20. Bd4 Ne5 21. Rac1 Bd7 22. b5 f4 23. Bxe5 Bxe5 24. g4 f3 25. Bxf3 Qh4 26. gxh5 Kh8 27. Ng3 Rg8 28. Nce4 Bxh3 29. Bg2 Bf4 30. Bxh3 Qxh3 31. Qd3 Rae8 32. Rxc7 Qf5 33. Re1 Rg4 34. Kg2 Bxg3 35. fxg3 Rgxe4 36. Rxe4 Rxe4 37. Re7 Re5 38. Qxf5 Rxf5 39. h6 Kg8 40. Rg7+ Kf8 41. Rxb7 Rxd5 42. a4 Rd4 43. Ra7 Rxa4 44. b6 1-0

[Event "Golden Cleopatra op 7th"]
[Site "Cairo"]
[Date "2003.06.10"]
[Round "9"]
[White "Ibrahim, Mohamed"]
[Black "Sameeh, Hany"]
[Result "1-0"]
[WhiteElo "2129"]
[BlackElo "2311"]
[PlyCount "57"]
[EventDate "2003.06.03"]
[EventType "swiss"]
[EventRounds "10"]
[EventCountry "EGY"]
[SourceTitle "CBM 094 Extra"]
[Source "ChessBase"]
[SourceDate "2003.07.09"]
[SourceVersion "2"]
[SourceVersionDate "2003.07.09"]
[SourceQuality "1"]

1. e4 c5 2. Nf3 d6 3. d4 cxd4 4. Nxd4 Nf6 5. Nc3 Nc6 6. Bc4 e6 7. Be3 a6 8. Qe2 Be7 9. 0-0-0 Qc7 10. Bb3 b5 11. Nxc6 Qxc6 12. Bd4 0-0 13. Nd5 Nxd5 14. exd5 Qd7 15. dxe6 fxe6 16. Qg4 Rf7 17. Rhe1 d5 18. Re2 a5 19. c3 Qc6 20. Be5 Bf6 21. Bc2 Bxe5 22. Rxe5 Raa7 23. Rd3 Qd6 24. Rde3 Qf8 25. Bxh7+ Kxh7 26. Rh5+ Kg8 27. Reh3 Rf5 28. Rh8+ Kf7 29. Rxf8+ 1-0

[Event "Golden Cleopatra op 7th"]
[Site "Cairo"]
[Date "2003.06.09"]
[Round "8"]
[White "Georg, Magdy"]
[Black "Ibrahim, Mohamed"]
[Result "0-1"]
[WhiteElo "2240"]
[BlackElo "2129"]
[PlyCount "119"]
[EventDate "2003.06.03"]
[EventType "swiss"]
[EventRounds "10"]
[EventCountry "EGY"]
[SourceTitle "CBM 094 Extra"]
[Source "ChessBase"]
[SourceDate "2003.07.09"]
[SourceVersion "2"]
[SourceVersionDate "2003.07.09"]
[SourceQuality "1"]

1. e4 e6 2. d3 d5 3. Nd2 Nf6 4. Ngf3 c5 5. g3 Nc6 6. Bg2 Be7 7. 0-0 0-0 8. e5 Nd7 9. Re1 b5 10. Nf1 b4 11. h4 a5 12. Bf4 a4 13. a3 Ba6 14. N1h2 bxa3 15. bxa3 Rb8 16. Ng5 h6 17. Ngf3 Re8 18. Qc1 Bf8 19. g4 Nd4 20. Nxd4 cxd4 21. Nf3 Qb6 22. g5 h5 23. g6 fxg6 24. Bh3 Bc5 25. Kh2 Nf8 26. Rg1 Be7 27. Bg5 Bc5 28. Qd2 Qc7 29. Qe2 Rb7 30. Bf4 Qf7 31. Bc1 Be7 32. Rg3 Reb8 33. Bg5 Rb1 34. Rxb1 Rxb1 35. Qd2 Bxa3 36. Qa5 Bb5 37. Qb6 Be7 38. Bxe7 Qxe7 39. Ng5 a3 40. Qa5 Rb2 41. Rf3 Be8 42. Qa6 a2 43. Kg3 Rxc2 44. Bxe6+ Nxe6 45. Nxe6 Rc6 46. Qxa2 Qxe6 47. Rf4 Bd7 48. Kf3 Qh3+ 49. Ke2 Bg4+ 50. Kd2 Be6 51. Qa8+ Rc8 52. Qa6 Bf5 53. Qb5 Qh1 54. Qb2 Rc3 55. Rxd4 Rc8 56. Rb4 Qf3 57. Qd4 Qh1 58. Qb2 Qf1 59. Qd4 Qc1+ 60. Ke2 0-1

[Event "Golden Cleopatra op 7th"]
[Site "Cairo"]
[Date "2003.06.02"]
[Round "2"]
[White "El Arousy, Abdul Hameed"]
[Black "Ibrahim, Mohamed"]
[Result "1-0"]
[WhiteElo "2314"]
[BlackElo "2129"]
[PlyCount "113"]
[EventDate "2003.06.03"]
[EventType "swiss"]
[EventRounds "10"]
[EventCountry "EGY"]
[SourceTitle "CBM 094 Extra"]
[Source "ChessBase"]
[SourceDate "2003.07.09"]
[SourceVersion "2"]
[SourceVersionDate "2003.07.09"]
[SourceQuality "1"]

1. e4 c5 2. Nf3 d6 3. d4 cxd4 4. Nxd4 Nf6 5. Nc3 g6 6. Be3 Bg7 7. f3 Nc6 8. Qd2 0-0 9. Bc4 Bd7 10. h4 h5 11. 0-0-0 Ne5 12. Bb3 Rc8 13. Nde2 Qa5 14. Kb1 Nc4 15. Bxc4 Rxc4 16. Nd5 Qxd2 17. Nxe7+ Kh7 18. Rxd2 Re8 19. Nd5 Nxd5 20. Rxd5 Bc6 21. Rxd6 Bxe4 22. fxe4 Rcxe4 23. Bxa7 Rxe2 24. a3 Rxg2 25. Rd7 Ree2 26. Rxf7 Kg8 27. Rc7 Be5 28. Rc8+ Kf7 29. Rd1 Ke6 30. Re8+ Kf7 31. Rc8 Ke6 32. Bb6 Bf6 33. Bd8 Bxd8 34. Rdxd8 Kf5 35. Rc4 Re1+ 36. Ka2 Ree2 37. Kb3 Re3+ 38. Kb4 Re6 39. Rd5+ Kf6 40. Kb5 Rc6 41. Rdc5 Re6 42. Rf4+ Ke7 43. Rc7+ Kd6 44. Rfc4 Rg4 45. Rxb7 Re5+ 46. Kb4 Rxc4+ 47. Kxc4 Re4+ 48. Kd3 Rxh4 49. Rb6+ Kd5 50. Rxg6 Rh3+ 51. Kd2 Rh2+ 52. Kc3 h4 53. Rh6 Ke4 54. b4 Kf4 55. b5 Kg5 56. Rh8 Rh3+ 57. Kb4 1-0

[Event "Tanta op 5th"]
[Site "Tanta"]
[Date "2002.05.14"]
[Round "2"]
[White "Ibrahim, Mohamed"]
[Black "Vuckovic, Bojan"]
[Result "0-1"]
[WhiteElo "2178"]
[BlackElo "2456"]
[PlyCount "72"]
[EventDate "2002.05.13"]
[EventType "swiss"]
[EventRounds "9"]
[EventCountry "EGY"]
[SourceTitle "CBM 088 Extra"]
[Source "ChessBase"]
[SourceDate "2002.07.01"]
[SourceVersion "2"]
[SourceVersionDate "2002.07.01"]
[SourceQuality "1"]

1. e4 c5 2. Nf3 d6 3. d4 cxd4 4. Nxd4 Nf6 5. Nc3 Nc6 6. Bc4 Qb6 7. Nb3 e6 8. Be3 Qc7 9. Be2 a6 10. a4 b6 11. f4 Bb7 12. Bf3 Be7 13. 0-0 0-0 14. g4 Rfe8 15. g5 Nd7 16. Bg2 Bf8 17. Rf3 g6 18. Rh3 Nb4 19. Nd4 Bg7 20. Qd2 e5 21. fxe5 Nxe5 22. Ncb5 axb5 23. Qxb4 Rxa4 24. Rxa4 bxa4 25. Bd2 Qc5 26. Bc3 Nc4 27. Qxc5 dxc5 28. Nb5 Bxe4 29. Rh4 Bxg2 30. Bxg7 Kxg7 31. Rxc4 Bc6 32. Nc3 Re1+ 33. Kf2 Rh1 34. Kg3 Rg1+ 35. Kh4 Rg2 36. b4 Rxc2 0-1

[Event "Golden Cleopatra op 6th"]
[Site "Cairo"]
[Date "2002.04.17"]
[Round "11"]
[White "Ibrahim, Mohamed"]
[Black "Yousry, Salah"]
[Result "0-1"]
[WhiteElo "2177"]
[BlackElo "2271"]
[PlyCount "86"]
[EventDate "2002.04.07"]
[EventType "swiss"]
[EventRounds "11"]
[EventCountry "EGY"]
[SourceTitle "CBM 087 Extra"]
[Source "ChessBase"]
[SourceDate "2002.05.03"]
[SourceVersion "2"]
[SourceVersionDate "2002.08.09"]
[SourceQuality "1"]

1. Nf3 d5 2. d4 Nf6 3. Bg5 Ne4 4. Bf4 c5 5. c3 Nc6 6. e3 e6 7. Nbd2 cxd4 8. exd4 g5 9. Nxe4 gxf4 10. Ned2 Rg8 11. Qc2 h6 12. 0-0-0 Qa5 13. Kb1 Bd7 14. g3 fxg3 15. fxg3 0-0-0 16. Bd3 f6 17. Rhe1 Bd6 18. Re2 e5 19. Nb3 Qc7 20. dxe5 fxe5 21. Bf5 Bxf5 22. Qxf5+ Kb8 23. Qe6 Qh7+ 24. Ka1 Rg6 25. Qh3 Rf6 26. Qg2 Rdf8 27. Ne1 Ne7 28. Nc2 Rf3 29. Ne3 Qf7 30. Kb1 h5 31. Nd2 Rf6 32. h3 Bc5 33. Ndf1 d4 34. g4 dxe3 35. Nxe3 Bxe3 36. Rxe3 Nc6 37. a3 Rf2 38. Qd5 Qxd5 39. Rxd5 hxg4 40. hxg4 Rg2 41. Rd7 Rff2 42. Rh3 Rxb2+ 43. Kc1 a6 0-1

[Event "Golden Cleopatra op 6th"]
[Site "Cairo"]
[Date "2002.04.15"]
[Round "9"]
[White "Kobese, Watu"]
[Black "Ibrahim, Mohamed"]
[Result "1-0"]
[WhiteElo "2412"]
[BlackElo "2177"]
[PlyCount "139"]
[EventDate "2002.04.07"]
[EventType "swiss"]
[EventRounds "11"]
[EventCountry "EGY"]
[SourceTitle "CBM 087 Extra"]
[Source "ChessBase"]
[SourceDate "2002.05.03"]
[SourceVersion "2"]
[SourceVersionDate "2002.08.09"]
[SourceQuality "1"]

1. e4 e6 2. d4 d5 3. Nc3 dxe4 4. Nxe4 Bd7 5. Nf3 Bc6 6. Bd3 Nd7 7. 0-0 Ngf6 8. Neg5 Bd6 9. Re1 h6 10. Nh3 Bxf3 11. Qxf3 c6 12. Nf4 Qa5 13. c3 0-0-0 14. b4 Qc7 15. g3 Rhe8 16. b5 c5 17. Bd2 Kb8 18. Bf1 e5 19. Nd5 Nxd5 20. Qxd5 Nf6 21. Qf3 exd4 22. cxd4 Rxe1 23. Rxe1 cxd4 24. Bg2 Rd7 25. Rc1 Qb6 26. a4 a6 27. Rb1 a5 28. Rc1 Bb4 29. Bf4+ Bd6 30. Bxh6 gxh6 31. Qxf6 Bc5 32. Qf5 Rc7 33. Qd3 Qf6 34. h4 Bb6 35. Rxc7 Bxc7 36. Qe4 Qb6 37. Kf1 Ka7 38. Qd5 f6 39. Be4 Bd6 40. Kg2 Bc5 41. f4 Qc7 42. g4 Bb6 43. Kg3 Qc3+ 44. Bf3 Qe1+ 45. Kh3 Qf1+ 46. Bg2 Qd3+ 47. Kh2 Qh7 48. Kg3 Qe7 49. g5 fxg5 50. hxg5 hxg5 51. fxg5 d3 52. g6 Qe3+ 53. Kg4 Qd4+ 54. Kh5 Qxd5+ 55. Bxd5 d2 56. Bf3 Bd4 57. Kh6 Kb6 58. g7 Bxg7+ 59. Kxg7 Kc5 60. Kf6 Kb4 61. Bd1 Ka3 62. Ke6 Kb2 63. Kd6 Kc1 64. Be2 d1Q+ 65. Bxd1 Kxd1 66. Kc7 Kc2 67. Kxb7 Kb3 68. Ka6 Kxa4 69. b6 Kb4 70. b7 1-0